| 000 | 00331nam a22001217a 4500 | ||
|---|---|---|---|
| 082 | _a220 PRO | ||
| 100 |
_aZOHAIB,ADIL,SARAH _972184 |
||
| 245 | _aPR-SOF-1133-DESIGN AND FABRICATION OF AXIAL FLOW PUMP | ||
| 260 |
_aISLAMABAD _bNUST COLLEGE OF EME _c2011 |
||
| 650 | _aDE-MECH-29 | ||
| 700 |
_aAKHTAR KHURSHID _972185 |
||
| 942 | _cCR | ||
| 999 |
_c578335 _d578335 |
||